Linked arms (Record no. 108167)
[ view plain ]
| 000 -LEADER | |
|---|---|
| fixed length control field | 01814nam a2200385Ia 4500 |
| 082 04 - DEWEY DECIMAL CLASSIFICATION NUMBER | |
| Classification number | 363.72/8953/0974784 |
| 100 1# - MAIN ENTRY--AUTHOR NAME | |
| Personal name | Peterson, Thomas Virgil, |
| 245 10 - TITLE STATEMENT | |
| Title | Linked arms |
| 260 ## - PUBLICATION, DISTRIBUTION, ETC. (IMPRINT) | |
| Place of publication | Albany : |
| Name of publisher | State University of New York Press, |
| Year of publication | c2002. |
| 300 ## - PHYSICAL DESCRIPTION | |
| Number of Pages | xv, 266 p. : |
| Other physical details | ill., maps. |
| 650 #0 - SUBJECT ADDED ENTRY--TOPICAL TERM | |
| Topical Term | Low level radioactive waste disposal facilities |
| Topical Term | Low level radioactive waste disposal facilities |
| Topical Term | Public opinion |
| Topical Term | Environmental protection |
| Topical Term | Civil disobedience |
| Topical Term | Nonviolence |
| 856 40 - ELECTRONIC LOCATION AND ACCESS | |
| Uniform Resource Identifier | http://site.ebrary.com/lib/rucke/Doc?id=10587167 |
No items available.
